Hlavní právní předpisy pro podnikání v zahraničním obchodu

Prehľad zákonov, vyhlášok a nariadení vlády ČR upravujúcich podnikanie v zahraničnom obchode. Stav k 31.12.1994.

Guardado en:
Detalles Bibliográficos
Formato: Capítulo de libro
Lenguaje:checo
Materias:
Etiquetas: Agregar Etiqueta
Sin Etiquetas, Sea el primero en etiquetar este registro!

MARC

LEADER 00000naa a2200000 4500
001 r017683
005 20221208131217.3
041 0 |a cze 
044 |a CZ 
245 1 0 |a Hlavní právní předpisy pro podnikání v zahraničním obchodu 
520 |a Prehľad zákonov, vyhlášok a nariadení vlády ČR upravujúcich podnikanie v zahraničnom obchode. Stav k 31.12.1994. 
610 2 0 |a obchod zahraničný 
610 2 0 |a podnikanie obchodné 
610 2 0 |a predpisy právne 
610 2 0 |a vyhlášky 
610 2 0 |a zákony 
610 2 0 |a Česko 
610 2 0 |a 1990-1994